Tokyo Ghoul Quiz #1 - Statistics

General Stats
  • This quiz has been taken 253 times
  • The average score is 10 of 15
Answer Stats
Question Answer % Correct
Who is Touka's sibling? Ayato
84%
Which is the real full name of Kaneki's friend? Hideyoshi Nagachika
81%
Who killed Hinami's mother? Kureo Mado
79%
Which eye of Kaneki was red? Left
76%
In the first scene of the anime which Ghoul is eating? Rize Kamishiro
76%
A Ghoul that repeatedly cannibalizes turns into Kakuja
75%
Who killed Hinami's father? Kureo Mado
66%
Which one is not a real RC type? Nakaku
65%
What did Juuzou named his Quinque? 13's Jason
64%
What is called the jail for strong Ghouls in the 23th ward? Cochlea
58%
Which one never dressed as a woman? Seidou Takizawa
55%
How many wards are in Tokyo Ghoul? 24
53%
What is Akira Mado's cat called? Maris Stella
53%
What is the name of Kaneki's daughter Ichika
52%
Who killed (finished) ''Jason''? Juuzou Suzuya
52%
No matching quizzes found
Score Distribution
Percent of People with Each Score
Percentile by Number Answered
Your Score History
You have not taken this quiz